[Event "4NCL/Div1/GUI-IIT2"]
[Site "Rd03-Birmingham"]
[Date "2000.11.25"]
[Round "3.8"]
[White "Richards, Heather"]
[Black "Yurenok, Maria"]
[Result "0-1"]
[WhiteElo "2139"]
[BlackElo "2058"]
[PlyCount "154"]
[EventDate "2000.11.25"]

1. e4 c5 2. c3 d5 3. exd5 Qxd5 4. d4 Nf6 5. Nf3 Bg4 6. Be2 e6 7. h3 Bh5 8. Be3
cxd4 9. cxd4 Bb4+ 10. Nc3 Nc6 11. O-O Qd6 12. Qb3 O-O 13. Rfd1 Bxc3 14. bxc3 b6
15. c4 Qb4 16. Rab1 Qxb3 17. axb3 Ne4 18. Rbc1 Nb4 19. g4 Bg6 20. Ne5 Na2 21.
Nxg6 hxg6 22. Rc2 Nb4 23. Rcc1 Na2 24. Ra1 Nac3 25. Re1 Nxe2+ 26. Rxe2 Rfd8 27.
Rea2 Rd7 28. Ra6 Rb7 29. b4 Nf6 30. g5 Ne8 31. c5 bxc5 32. bxc5 Rc7 33. Bf4 Rd7
34. R1a4 Rad8 35. Be3 Ra8 36. h4 Kf8 37. c6 Rc7 38. Bf4 Rcc8 39. Kf1 Kg8 40.
Ke2 Kf8 41. Bd2 Nc7 42. R6a5 Nd5 43. Rc5 Ke7 44. Kd3 a6 45. Bc1 Kd6 46. Rac4
Rab8 47. Kc2 Rb5 48. Ba3 Rxc5 49. Bxc5+ Kxc6 50. Bf8+ Kd7 51. Rxc8 Kxc8 52.
Bxg7 Ne7 53. Kd3 Kd7 54. Ke4 Nf5 55. Bf8 Nxh4 56. Bb4 Nf5 57. Ke5 Ne7 58. Bc5
Nd5 59. Ba3 Kc6 60. Bc5 a5 61. Ba3 a4 62. Bc5 Kb5 63. Kd6 Kc4 64. Kd7 Nb4 65.
Ke8 a3 66. Kxf7 a2 67. Kxg6 a1=Q 68. Kf7 Qf1 69. g6 Qxf2+ 70. Kg8 Nd5 71. g7
Qf6 72. Kh7 Ne7 73. Bxe7 Qxe7 74. Kh8 Qh4+ 75. Kg8 Qxd4 76. Kf7 Qd7+ 77. Kf8
Qxg7+ 0-1

[Event "4NCL/Div1/IIT1-SWD"]
[Site "Rd03-Birmingham"]
[Date "2000.11.25"]
[Round "3.2"]
[White "Rogers, Ian"]
[Black "Morris, Charles"]
[Result "1-0"]
[WhiteElo "2558"]
[BlackElo "2238"]
[PlyCount "79"]
[EventDate "2000.11.25"]

1. e4 e6 2. d4 d5 3. Nc3 Nf6 4. e5 Nfd7 5. Nf3 c5 6. dxc5 Nc6 7. Bf4 Bxc5 8.
Bd3 f5 9. exf6 Nxf6 10. O-O O-O 11. Ne5 Bd7 12. Qe2 Qe7 13. Rae1 Rae8 14. Kh1
a6 15. Bg3 g6 16. f4 Nxe5 17. Qxe5 Bd6 18. Qe3 Nh5 19. Ne2 e5 20. fxe5 Rxf1+
21. Rxf1 Nxg3+ 22. hxg3 Qxe5 23. Qxe5 Rxe5 24. Nf4 Kg7 25. Be2 Kh6 26. Bf3 Bc6
27. Rd1 Rf5 28. Ne2 Bc5 29. g4 Re5 30. Nf4 d4 31. Nd3 Rg5 32. Kh2 Bd6+ 33. Kh3
Bxf3 34. gxf3 Rb5 35. Re1 Kg5 36. Re6 Rd5 37. Nf2 Kh6 38. Re8 Rc5 39. Ne4 Re5
40. Nxd6 1-0

[Event "4NCL/Div1/IIT1-SWD"]
[Site "Rd03-Birmingham"]
[Date "2000.11.25"]
[Round "3.3"]
[White "James, David J"]
[Black "Hebden, Mark"]
[Result "0-1"]
[WhiteElo "2238"]
[BlackElo "2515"]
[PlyCount "80"]
[EventDate "2000.11.25"]

1. Nf3 Nf6 2. c4 g6 3. d4 Bg7 4. Nc3 O-O 5. e4 d6 6. Be2 e5 7. Be3 Ng4 8. Bg5
f6 9. Bh4 Nc6 10. d5 Ne7 11. Nd2 Nh6 12. Qb3 g5 13. Bg3 f5 14. f3 Ng6 15. O-O-O
Nf4 16. Bf1 g4 17. Kb1 Kh8 18. Ne2 gxf3 19. gxf3 fxe4 20. fxe4 Bg4 21. Re1 Qg5
22. Qe3 Rf7 23. Nc1 c5 24. Rg1 Raf8 25. a3 Ng8 26. Na2 Bh6 27. h4 Qh5 28. Qc3
Nf6 29. b4 b6 30. Nc1 Rg7 31. Nd3 Ne2 32. Bxe2 Bxe2 33. Nf2 Rfg8 34. Nb3 Bf3
35. Bxe5 Qxe5 36. Qxe5 dxe5 37. Rxg7 Rxg7 38. bxc5 bxc5 39. Nxc5 Bd2 40. Rf1
Be2 0-1

[Event "4NCL/Div1/IIT1-SWD"]
[Site "Rd03-Birmingham"]
[Date "2000.11.25"]
[Round "3.4"]
[White "Chandler, Murray"]
[Black "Zeidler, Sven"]
[Result "1-0"]
[WhiteElo "2535"]
[BlackElo "2255"]
[PlyCount "55"]
[EventDate "2000.11.25"]

1. e4 d5 2. exd5 Qxd5 3. Nc3 Qa5 4. d4 Nf6 5. Bc4 Bg4 6. f3 Bf5 7. Nge2 Nbd7 8.
Bd2 Qb6 9. Ng3 Bg6 10. Qe2 c6 11. f4 Bxc2 12. O-O h5 13. Be3 Ng4 14. Rac1 Bh7
15. Nxh5 Nxe3 16. Qxe3 Bg6 17. Ng3 Nf6 18. f5 Bh5 19. Na4 Qc7 20. h3 Qd6 21.
Nc5 O-O-O 22. Nxh5 Nxh5 23. Bxf7 Ng3 24. Rf3 Qxd4 25. Rxg3 Qxb2 26. Be6+ Kb8
27. Qf4+ Ka8 28. Rb3 1-0

[Event "4NCL/Div1/IIT1-SWD"]
[Site "Rd03-Birmingham"]
[Date "2000.11.25"]
[Round "3.5"]
[White "Saunders, John"]
[Black "Gallagher, Joe"]
[Result "0-1"]
[WhiteElo "2199"]
[BlackElo "2514"]
[PlyCount "104"]
[EventDate "2000.11.25"]

1. e4 d6 2. d4 Nf6 3. Nd2 e5 4. Ngf3 exd4 5. Nxd4 g6 6. Be2 Bg7 7. O-O O-O 8.
c3 Re8 9. Qc2 Nbd7 10. f4 Nc5 11. Bf3 Bg4 12. e5 dxe5 13. fxe5 Rxe5 14. b4 Ne6
15. Nxe6 Rxe6 16. Bxb7 Rb8 17. Bf3 Bf5 18. Qb3 c5 19. Nc4 cxb4 20. Bf4 Rc8 21.
Rad1 Bd3 22. Kh1 Bxf1 23. Rxd8+ Rxd8 24. Ne3 Bb5 25. h3 a5 26. c4 Bc6 27. Nd5
Ne4 28. Qc2 Nc3 29. Bd2 Bxd5 30. cxd5 Re5 31. Bf4 Re1+ 32. Kh2 Be5 33. Bxe5
Rxe5 34. a3 Nxd5 35. axb4 Nxb4 36. Qc7 Rde8 37. Bd1 Kg7 38. Bb3 R8e7 39. Qc3 h5
40. Qd4 Nc6 41. Qb6 Nb4 42. Qd4 Na6 43. Bc2 Nc5 44. Qc3 Nd7 45. Ba4 Nf6 46. Bc6
g5 47. Qd4 Re3 48. Bf3 R7e5 49. g4 hxg4 50. Bxg4 R3e4 51. Qd6 Nxg4+ 52. hxg4 a4
0-1

[Event "4NCL/Div1/IIT1-SWD"]
[Site "Rd03-Birmingham"]
[Date "2000.11.25"]
[Round "3.6"]
[White "Hennigan, Michael"]
[Black "Richmond, Peter"]
[Result "1/2-1/2"]
[WhiteElo "2455"]
[BlackElo "2220"]
[PlyCount "56"]
[EventDate "2000.11.25"]

1. g3 d5 2. Bg2 Nf6 3. d3 c5 4. Nf3 Nc6 5. O-O g6 6. Nc3 Bg7 7. e4 dxe4 8. dxe4
O-O 9. h3 Be6 10. Be3 Qa5 11. Nd2 Rad8 12. Qc1 Nd4 13. Re1 b5 14. Nb3 Qb6 15.
f4 a5 16. e5 Nd5 17. Bf2 Nb4 18. Nxd4 cxd4 19. Ne2 f6 20. Nxd4 Rxd4 21. c3 fxe5
22. cxd4 exf4 23. Qd2 fxg3 24. Bxg3 Bxd4+ 25. Kh1 Bc4 26. Rxe7 Qf6 27. Rc7 Bd5
28. Re1 Qf1+ 1/2-1/2

[Event "4NCL/Div1/IIT1-SWD"]
[Site "Rd03-Birmingham"]
[Date "2000.11.25"]
[Round "3.7"]
[White "Roberts, David L"]
[Black "Mortazavi, Ali"]
[Result "0-1"]
[WhiteElo "2171"]
[BlackElo "2361"]
[PlyCount "48"]
[EventDate "2000.11.25"]

1. e4 c5 2. Nf3 e6 3. d4 cxd4 4. Nxd4 a6 5. c4 Qc7 6. Nc3 Nf6 7. Bd3 Nc6 8.
Nxc6 dxc6 9. O-O e5 10. Qc2 Bc5 11. Na4 Bd4 12. c5 Be6 13. Bd2 O-O 14. Rac1
Rad8 15. b3 Nh5 16. Bc4 Qe7 17. Ba5 Rde8 18. Kh1 Qh4 19. Be1 Bxc4 20. f3 Qg5
21. Qxc4 Re6 22. g3 Rh6 23. Kg2 Nf4+ 24. Kh1 Rxh2+ 0-1

[Event "4NCL/Div1/IIT1-SWD"]
[Site "Rd03-Birmingham"]
[Date "2000.11.25"]
[Round "3.8"]
[White "Sheldon, Ruth"]
[Black "Cast, Abigail"]
[Result "1-0"]
[WhiteElo "2301"]
[BlackElo "2114"]
[PlyCount "81"]
[EventDate "2000.11.25"]

1. d4 d5 2. c4 c6 3. Nf3 Nf6 4. Nc3 e6 5. Qc2 Be7 6. e3 O-O 7. b3 Re8 8. Bd3
Nbd7 9. Bb2 Bd6 10. O-O h6 11. Rad1 e5 12. cxd5 Nxd5 13. Nxd5 cxd5 14. dxe5
Nxe5 15. Bxe5 Bxe5 16. Be4 Qe7 17. Bxd5 Bg4 18. Qc4 Bh5 19. Nxe5 Qxe5 20. Rd2
Rac8 21. Qd4 Qg5 22. f4 Qe7 23. e4 Rc7 24. Qxa7 Rec8 25. Qd4 Rc1 26. Bc4 Rxf1+
27. Bxf1 Qc7 28. Bc4 Qxf4 29. e5 Qg5 30. e6 b5 31. exf7+ Kh8 32. h4 Qe7 33.
Bxb5 Rc1+ 34. Bf1 Qxf7 35. Qd8+ Kh7 36. Rf2 Qe6 37. Qd2 Rd1 38. Qc2+ Kg8 39.
Kh2 Qe5+ 40. g3 Qe3 41. Bc4+ 1-0

[Event "4NCL/Div1/MM-WG"]
[Site "Rd03-Birmingham"]
[Date "2000.11.25"]
[Round "3.1"]
[White "Ledger, Andrew"]
[Black "Emms, John"]
[Result "1/2-1/2"]
[WhiteElo "2451"]
[BlackElo "2502"]
[PlyCount "39"]
[EventDate "2000.11.25"]

1. e4 c5 2. Nc3 Nc6 3. g3 g6 4. d3 Bg7 5. Be3 d6 6. Qd2 e5 7. Bg2 Nge7 8. f4
O-O 9. Nf3 Nd4 10. O-O exf4 11. Bxf4 Nxf3+ 12. Rxf3 Qb6 13. Rb1 Be6 14. Be3 Nc6
15. Rff1 Nd4 16. a3 Rac8 17. Nd1 Ba2 18. Ra1 Be6 19. Rb1 Ba2 20. Ra1 1/2-1/2

[Event "4NCL/Div1/MM-WG"]
[Site "Rd03-Birmingham"]
[Date "2000.11.25"]
[Round "3.3"]
[White "Williams, Simon"]
[Black "Turner, Matthew"]
[Result "0-1"]
[WhiteElo "2350"]
[BlackElo "2485"]
[PlyCount "56"]
[EventDate "2000.11.25"]

1. c4 c5 2. Nc3 Nc6 3. g3 g6 4. Bg2 Bg7 5. d3 Nf6 6. e4 d6 7. Nge2 O-O 8. O-O
Rb8 9. f4 Bg4 10. h3 Bxe2 11. Nxe2 Nd7 12. Rb1 Nd4 13. b4 cxb4 14. Rxb4 Qa5 15.
a3 b5 16. Nxd4 Bxd4+ 17. Kh2 a6 18. cxb5 Bc3 19. Ra4 Qxb5 20. Rc4 Rfc8 21.
Rxc8+ Rxc8 22. f5 Ne5 23. d4 Bxd4 24. fxg6 hxg6 25. Bg5 Qb2 26. Qa4 Rc2 27.
Qe8+ Kg7 28. Bh6+ Kh7 0-1

[Event "4NCL/Div1/MM-WG"]
[Site "Rd03-Birmingham"]
[Date "2000.11.25"]
[Round "3.4"]
[White "Martin, Andrew"]
[Black "Ledger, David"]
[Result "1/2-1/2"]
[WhiteElo "2445"]
[BlackElo "2264"]
[PlyCount "213"]
[EventDate "2000.11.25"]

1. c4 e5 2. Nc3 Nc6 3. g3 d6 4. Bg2 Be6 5. d3 Qd7 6. f4 g6 7. Nf3 Bh3 8. Bxh3
Qxh3 9. Nd5 Qd7 10. Qb3 Rb8 11. O-O Bg7 12. fxe5 dxe5 13. Be3 Nge7 14. Bc5 b6
15. Bxe7 Nxe7 16. Nxe7 Qxe7 17. Qa4+ Qd7 18. Qxd7+ Kxd7 19. a4 Rhe8 20. Rad1 f6
21. Ne1 Re6 22. Nc2 Bf8 23. b4 a6 24. d4 Ke7 25. e4 Kf7 26. d5 Ree8 27. Rf3 Kg7
28. Rdf1 Be7 29. Kg2 Rf8 30. g4 Rh8 31. g5 Rhf8 32. gxf6+ Rxf6 33. Rxf6 Bxf6
34. Ne1 a5 35. bxa5 bxa5 36. Nd3 Rb3 37. Nc5 Rb2+ 38. Rf2 Rb4 39. Ne6+ Kf7 40.
c5 Ke7 41. Nxc7 Bh4 42. d6+ Kd7 43. Rf7+ Kc6 44. Ne6 Rxe4 45. Rxh7 Rxa4 46. d7
Bf6 47. Rf7 Bh4 48. Rh7 Bf6 49. Rf7 Bh4 50. Kh3 Rc4 51. Nf8 Bd8 52. Nxg6 Rxc5
53. Kg4 a4 54. Rf3 Kxd7 55. Ra3 Ra5 56. Nxe5+ Rxe5 57. Rxa4 Ke6 58. Ra6+ Kf7
59. h3 Bf6 60. Ra8 Kg6 61. Rg8+ Bg7 62. Ra8 Re4+ 63. Kf3 Kf5 64. Ra3 Be5 65.
Rb3 Rh4 66. Kg2 Ke4 67. Kf2 Bd4+ 68. Kg3 Rh8 69. Kg2 Be3 70. Rb4+ Kd3 71. Kg3
Rg8+ 72. Rg4 Rf8 73. Ra4 Ke2 74. Ra2+ Bd2 75. Kg4 Rf4+ 76. Kg3 Rb4 77. Kg2 Rb3
78. Ra8 Rf3 79. Ra2 Rf7 80. Ra3 Rg7+ 81. Rg3 Ra7 82. Rb3 Be1 83. Rb2+ Ke3 84.
Rb3+ Kf4 85. Rf3+ Ke4 86. Rb3 Ra2+ 87. Kf1 Bh4 88. Rb4+ Kf3 89. Rb3+ Kf4 90.
Kg1 Bf2+ 91. Kf1 Be3 92. Ke1 Kf3 93. Kd1 Rd2+ 94. Kc1 Rh2+ 95. Kb1 Ke4 96. Rb2
Rxh3 97. Kc2 Bd4 98. Rb1 Rc3+ 99. Kd2 Ra3 100. Re1+ Be3+ 101. Kc2 Kd4 102. Kb2
Rc3 103. Rh1 Kc4 104. Rh2 Rb3+ 105. Ka2 Bd4 106. Rc2+ Kb4 107. Rc4+ 1/2-1/2

[Event "4NCL/Div1/MM-WG"]
[Site "Rd03-Birmingham"]
[Date "2000.11.25"]
[Round "3.5"]
[White "Pert, Richard"]
[Black "Levitt, Jon"]
[Result "1/2-1/2"]
[WhiteElo "2263"]
[BlackElo "2438"]
[PlyCount "31"]
[EventDate "2000.11.25"]

1. e4 c5 2. Nf3 e6 3. b3 d5 4. Bb5+ Bd7 5. Qe2 d4 6. Ne5 Qc7 7. Nxd7 Nxd7 8.
O-O Bd6 9. f4 a6 10. Bxd7+ Qxd7 11. d3 Ne7 12. Nd2 O-O 13. e5 Bc7 14. Ne4 Qc6
15. Qh5 Qd5 16. Ba3 1/2-1/2

[Event "4NCL/Div1/MM-WG"]
[Site "Rd03-Birmingham"]
[Date "2000.11.25"]
[Round "3.6"]
[White "Littlewood, Paul"]
[Black "Naylor, John"]
[Result "1-0"]
[WhiteElo "2394"]
[BlackElo "2241"]
[PlyCount "74"]
[EventDate "2000.11.25"]

1. d4 e6 2. Nf3 f5 3. Nc3 Nf6 4. Bg5 Bb4 5. e3 O-O 6. Bd3 d5 7. O-O c6 8. Ne2
Bd6 9. c4 Nbd7 10. cxd5 cxd5 11. Qb3 Nb8 12. Rfc1 Nc6 13. Bf4 Ne4 14. a3 Bxf4
15. exf4 Bd7 16. Ne5 Nxe5 17. fxe5 Bc6 18. f3 Ng5 19. Rc5 Qb6 20. Qxb6 axb6 21.
Rc3 Ba4 22. Rac1 Nf7 23. b4 Bd7 24. Kf2 Ra7 25. Nf4 g6 26. Rc7 Rd8 27. R1c3 Kf8
28. h4 Ke8 29. g4 fxg4 30. fxg4 Rda8 31. Rxd7 Kxd7 32. Bb5+ Kd8 33. a4 Rxa4 34.
Bxa4 Rxa4 35. Nxe6+ Kd7 36. Nf4 Ra2+ 37. Kf3 Nd8 1-0

[Event "4NCL/Div1/MM-WG"]
[Site "Rd03-Birmingham"]
[Date "2000.11.25"]
[Round "3.7"]
[White "Ledger, Stephen"]
[Black "Tiller, Bjorn"]
[Result "0-1"]
[WhiteElo "2185"]
[BlackElo "2384"]
[PlyCount "75"]
[EventDate "2000.11.25"]

1. d4 g6 2. Nf3 Bg7 3. Bf4 d6 4. e3 Nd7 5. h3 e5 6. Bh2 f5 7. Be2 Qe7 8. O-O
Ngf6 9. c4 O-O 10. Nc3 Ne4 11. Nd5 Qd8 12. Rc1 c6 13. Nc3 Nxc3 14. Rxc3 f4 15.
dxe5 dxe5 16. exf4 exf4 17. Rd3 Qe7 18. Re1 Nc5 19. Rd2 a5 20. Nd4 Qf6 21. Bf3
g5 22. Nb3 Na4 23. Nd4 Nxb2 24. Qb3 c5 25. Bd5+ Kh8 26. Ne6 Bxe6 27. Rxe6 Rae8
28. Rde2 Rxe6 29. Rxe6 Qd4 30. Kh1 a4 31. Qxb7 Nxc4 32. Bxc4 Qxc4 33. Re7 Qxa2
34. Bg1 Qa1 35. Kh2 a3 36. f3 a2 37. Bxc5 Qf6 38. Re1 $138 {0 : 1, Time.} 0-1

[Event "4NCL/Div1/RIC-WR"]
[Site "Rd03-Birmingham"]
[Date "2000.12.25"]
[Round "3.1"]
[White "Arkell, Keith"]
[Black "Wall, Gavin"]
[Result "1-0"]
[WhiteElo "2481"]
[BlackElo "2384"]
[PlyCount "121"]
[EventDate "2000.11.25"]

1. d4 f5 2. g3 Nf6 3. Bg2 g6 4. c4 Bg7 5. b3 O-O 6. Bb2 d6 7. Nf3 c6 8. O-O Na6
9. Nc3 Rb8 10. Re1 b5 11. cxb5 cxb5 12. d5 b4 13. Na4 Rb7 14. Nd4 Qe8 15. Ne6
Bxe6 16. dxe6 Rc7 17. Qd3 Nc5 18. Nxc5 Rxc5 19. a3 bxa3 20. Rxa3 Rc7 21. Rea1
Qc8 22. Rxa7 Rxa7 23. Rxa7 Qxe6 24. Bxf6 Qxf6 25. Qd5+ Kh8 26. b4 Qc3 27. Rxe7
Qxb4 28. Rd7 Qd4 29. Qxd4 Bxd4 30. Rxd6 Bf6 31. Rd7 Rd8 32. Rf7 Rd1+ 33. Bf1
Bc3 34. h4 Kg8 35. Rb7 h5 36. Kg2 Be1 37. Kf3 Bc3 38. Bg2 Rg1 39. Bh3 Rh1 40.
Rc7 Be5 41. Rc5 Bb2 42. Bxf5 gxf5 43. Rxf5 Kg7 44. Rxh5 Kf6 45. Kg2 Rc1 46.
Rh6+ Ke5 47. Rh8 Rc2 48. Kf3 Bc1 49. Re8+ Kf6 50. g4 Rc4 51. e3 Bd2 52. Rf8+
Kg6 53. h5+ Kg5 54. Rg8+ Kh6 55. Rg6+ Kh7 56. Rf6 Bc3 57. Ra6 Be1 58. Ra1 Bb4
59. g5 Bc5 60. Rd1 Rh4 61. Rd7+ 1-0

[Event "4NCL/Div1/RIC-WR"]
[Site "Rd03-Birmingham"]
[Date "2000.11.25"]
[Round "3.2"]
[White "Bates, Richard"]
[Black "Hunt, Harriet"]
[Result "0-1"]
[WhiteElo "2357"]
[BlackElo "2454"]
[PlyCount "88"]
[EventDate "2000.11.25"]

1. d4 Nf6 2. Nf3 e6 3. c4 b6 4. g3 Ba6 5. b3 b5 6. cxb5 Bxb5 7. Bg2 Bc6 8. O-O
a5 9. Bb2 Qc8 10. Nbd2 Qb7 11. Nc4 Bd5 12. Qc2 Nc6 13. Rfc1 a4 14. Ne3 Be4 15.
Qd1 Be7 16. Nd2 Bxg2 17. Nxg2 O-O 18. Nf4 Nb4 19. bxa4 Bd6 20. a3 Nc6 21. Nd3
Qa7 22. Rc4 Nd5 23. Ne5 Na5 24. Rc2 Nb6 25. Rac1 Nxa4 26. Ba1 c6 27. Nec4 Be7
28. e3 f5 29. Nxa5 Qxa5 30. Nc4 Qd5 31. Rb1 Rfb8 32. Ne5 Bxa3 33. Rxb8+ Rxb8
34. Rc4 Nb6 35. Rc3 Bd6 36. Nd3 Nc4 37. Qc1 Na5 38. Bb2 Nb3 39. Qc2 Rb5 40. Rc4
Nd2 41. Ra4 Nf3+ 42. Kf1 Nxh2+ 43. Kg1 Nf3+ 44. Kf1 Ng5 0-1

[Event "4NCL/Div1/RIC-WR"]
[Site "Rd03-Birmingham"]
[Date "2000.11.25"]
[Round "3.3"]
[White "Dunnington, Angus"]
[Black "Johnstone, Paul"]
[Result "1-0"]
[WhiteElo "2391"]
[BlackElo "2299"]
[PlyCount "81"]
[EventDate "2000.11.25"]

1. Nf3 c5 2. g3 Nc6 3. Bg2 e5 4. c4 f5 5. d3 Nf6 6. Nc3 Be7 7. a3 O-O 8. O-O
Rb8 9. e3 Kh8 10. d4 e4 11. Ne5 Na5 12. dxc5 d6 13. cxd6 Qxd6 14. Qxd6 Bxd6 15.
f4 Be6 16. b4 Nxc4 17. Nxc4 Bxc4 18. Rd1 Rfd8 19. Bh3 g6 20. Bb2 Be7 21. g4 Kg8
22. gxf5 Bb3 23. Rd4 Rxd4 24. exd4 Rd8 25. Ne2 Kf7 26. fxg6+ hxg6 27. Rc1 Nd5
28. Bg2 Bd6 29. Bxe4 Nxf4 30. Nxf4 Bxf4 31. Rf1 g5 32. Bxb7 Rb8 33. Be4 Re8 34.
Bc6 Rh8 35. Bc1 Bc4 36. Rf2 Rh4 37. Bxf4 gxf4 38. Kg2 Kf6 39. b5 Rg4+ 40. Kf3
Rh4 41. Ke4 1-0

[Event "4NCL/Div1/RIC-WR"]
[Site "Rd03-Birmingham"]
[Date "2000.11.25"]
[Round "3.4"]
[White "Webb, Laurence"]
[Black "Dunworth, Chris"]
[Result "1/2-1/2"]
[WhiteElo "2257"]
[BlackElo "2293"]
[PlyCount "87"]
[EventDate "2000.11.25"]

1. e4 d5 2. exd5 Nf6 3. c4 e6 4. dxe6 Bxe6 5. Nf3 Nc6 6. Be2 Bc5 7. O-O O-O 8.
Nc3 Re8 9. d3 h6 10. a3 Bg4 11. b4 Bd4 12. Bb2 Bxf3 13. Bxf3 Ne5 14. Be2 Qd7
15. Rb1 Rad8 16. Ne4 Nxe4 17. dxe4 Bxb2 18. Qxd7 Rxd7 19. Rxb2 Rd4 20. f3 Nxc4
21. Bxc4 Rxc4 22. Rd1 Rc3 23. Rd7 Kf8 24. Kf2 Rc8 25. a4 Ke8 26. Rbd2 Rc4 27.
R7d4 Rc3 28. f4 a5 29. bxa5 Rc5 30. Rb2 Rb8 31. a6 b6 32. Rb5 Rc2+ 33. Kf3 Ra8
34. a5 Rxa6 35. axb6 Rxb6 36. Rxb6 cxb6 37. Rb4 Rc3+ 38. Ke2 Rc6 39. e5 Kd7 40.
Ke3 Kc7 41. g3 Rc2 42. h4 Kc6 43. Rd4 Rc3+ 44. Kf2 1/2-1/2

[Event "4NCL/Div1/RIC-WR"]
[Site "Rd03-Birmingham"]
[Date "2000.11.25"]
[Round "3.5"]
[White "Gayson, Peter"]
[Black "Phillips, Roy"]
[Result "1-0"]
[WhiteElo "2273"]
[BlackElo "2240"]
[PlyCount "113"]
[EventDate "2000.11.25"]

1. e4 c5 2. Nf3 Nc6 3. d4 cxd4 4. Nxd4 g6 5. Nc3 Bg7 6. Be3 Nf6 7. Bc4 Qa5 8.
O-O d6 9. h3 O-O 10. Bb3 Re8 11. f4 Bd7 12. Qf3 Rac8 13. Rad1 Rf8 14. Qf2 b6
15. a3 Nxd4 16. Bxd4 Be6 17. e5 dxe5 18. fxe5 Nd7 19. Qe2 Nc5 20. Bd5 Rfd8 21.
Qf3 Na4 22. b4 Bxd5 23. Qf2 Nxc3 24. bxa5 Nxd1 25. Rxd1 bxa5 26. c3 e6 27. Rb1
Rb8 28. Qc2 a4 29. Rxb8 Rxb8 30. Kf2 Bb3 31. Qd3 Rc8 32. Qa6 Rc4 33. Qxa7 Bf8
34. Qb8 Kg7 35. Qd8 h6 36. Qf6+ Kg8 37. h4 h5 38. Qd8 Kg7 39. Ke3 Bc2 40. Kd2
Bb3 41. Qf6+ Kg8 42. Qd8 Kg7 43. Be3 Rg4 44. Bh6+ Kxh6 45. Qxf8+ Kh7 46. Qxf7+
Kh8 47. Ke3 Bd5 48. g3 Bb3 49. Kf2 Bd5 50. c4 Bxc4 51. Qe8+ Kh7 52. Qf7+ Kh8
53. Qe8+ Kh7 54. Qxa4 g5 55. Qe8 Kh6 56. Qh8+ Kg6 57. Qf6+ 1-0

[Event "4NCL/Div1/RIC-WR"]
[Site "Rd03-Birmingham"]
[Date "2000.11.25"]
[Round "3.6"]
[White "Franklin, Michael"]
[Black "Townsend, M Paul"]
[Result "1-0"]
[WhiteElo "2253"]
[BlackElo "2230"]
[PlyCount "75"]
[EventDate "2000.11.25"]

1. d4 c5 2. e3 Nf6 3. Nf3 g6 4. Nbd2 Bg7 5. Be2 O-O 6. O-O b6 7. c3 Bb7 8. Re1
a5 9. a4 Nc6 10. Qb3 d5 11. dxc5 Nd7 12. cxb6 Nxb6 13. e4 d4 14. Nc4 Nxc4 15.
Qxb7 N4e5 16. Nxe5 Nxe5 17. cxd4 Qxd4 18. Be3 Qb4 19. Qxb4 axb4 20. f4 Nc6 21.
e5 Na5 22. Bb5 Rfc8 23. Rad1 e6 24. Re2 Bf8 25. Rd7 Nb3 26. g4 Nc5 27. Bxc5
Rxc5 28. b3 Rc1+ 29. Kg2 Bc5 30. Red2 Kg7 31. f5 gxf5 32. gxf5 Rg1+ 33. Kf3 Rg5
34. fxe6 Rxe5 35. Rxf7+ Kh6 36. Re2 Rxe2 37. Kxe2 Re8 38. Bxe8 1-0

[Event "4NCL/Div1/RIC-WR"]
[Site "Rd03-Birmingham"]
[Date "2000.11.25"]
[Round "3.7"]
[White "Barrett, Stephen"]
[Black "Thiruchelvam, Murugan"]
[Result "0-1"]
[WhiteElo "2217"]
[BlackElo "2240"]
[PlyCount "65"]
[EventDate "2000.11.25"]

1. d4 Nf6 2. c4 c5 3. d5 b5 4. cxb5 a6 5. Nc3 axb5 6. e4 b4 7. Nb5 d6 8. Bc4
Nbd7 9. Nf3 Nb6 10. Bd3 g6 11. b3 Bg7 12. Bb2 O-O 13. O-O Bd7 14. Qe2 Ra5 15.
Rfe1 Bxb5 16. Bxb5 Nxe4 17. Bxg7 Kxg7 18. Qxe4 Rxb5 19. Rad1 Ra5 20. Rd2 Re8
21. Qf4 Nd7 22. h3 Nf6 23. Ree2 Qa8 24. Nh4 h6 25. Qf3 Ra6 26. Qd3 Ra3 27. f4
Qa6 28. Qc2 Qb7 29. Qd3 Rc8 30. g4 c4 31. Qd4 c3 32. Rc2 Qa7 33. Qxa7 $138 {
0 : 1, Time.} 0-1

[Event "4NCL/Div1/RIC-WR"]
[Site "Rd03-Birmingham"]
[Date "2000.11.25"]
[Round "3.8"]
[White "Buckley, Melanie"]
[Black "Burnett, Jim"]
[Result "0-1"]
[WhiteElo "2124"]
[BlackElo "2213"]
[PlyCount "134"]
[EventDate "2000.11.25"]

1. e4 d5 2. exd5 Qxd5 3. Nc3 Qa5 4. Nf3 Nf6 5. Be2 c6 6. O-O Bf5 7. b4 Qc7 8.
Rb1 e6 9. d3 Bd6 10. Bg5 Nbd7 11. Bh4 O-O 12. Bg3 Bxg3 13. hxg3 h6 14. Nd2 Nd5
15. Rb3 e5 16. Nce4 b6 17. c4 Ne7 18. g4 Be6 19. Nc3 Rad8 20. Nde4 f6 21. Qc2
Rfe8 22. Rb2 c5 23. bxc5 Nxc5 24. Nxc5 Qxc5 25. Ne4 Qd4 26. Rfb1 Qd7 27. f3 Nc6
28. Qa4 Qd4+ 29. Kf1 Rc8 30. Qa3 Red8 31. c5 bxc5 32. Qxc5 Qxc5 33. Nxc5 Bf7
34. Nb7 Rd7 35. Nc5 Rd4 36. Nb3 Rdd8 37. Rc1 Nb4 38. a3 Nd5 39. Rxc8 Rxc8 40.
Nd2 Nb6 41. Ne4 Bd5 42. Kf2 Kf8 43. g3 Ke7 44. Rb4 Rc2 45. f4 Ra2 46. Nc3 Rxa3
47. Nb5 a5 48. Nxa3 axb4 49. Nb1 Ba2 50. Nd2 Kd6 51. Bd1 Nd5 52. Ne4+ Kc6 53.
fxe5 fxe5 54. Ba4+ Kb6 55. Nd6 Kc5 56. Nf5 b3 57. Bxb3 Bxb3 58. Nxg7 Nf6 59.
Nf5 Nxg4+ 60. Ke2 Be6 61. Nh4 Kd5 62. Nf3 Nf6 63. Ke3 Bg4 64. Nh2 Bh5 65. Kd2
Kd4 66. Nf1 Ng4 67. Kc2 Ne3+ 0-1

[Event "4NCL/Div1/SLO-BAR2"]
[Site "Rd03-Birmingham"]
[Date "2000.11.25"]
[Round "3.1"]
[White "Miles, Anthony"]
[Black "Webster, Andrew"]
[Result "1-0"]
[WhiteElo "2578"]
[BlackElo "2424"]
[PlyCount "85"]
[EventDate "2000.11.25"]

1. d4 Nf6 2. c4 Nc6 3. Nf3 e6 4. a3 g6 5. Nc3 Bg7 6. e4 d6 7. Be2 O-O 8. O-O
Re8 9. d5 Ne5 10. Nxe5 dxe5 11. Bg5 h6 12. Be3 b6 13. Rc1 Bb7 14. Qa4 Qe7 15.
Rfd1 Red8 16. f3 a6 17. Bf1 Kh7 18. Qc2 h5 19. dxe6 fxe6 20. c5 Bh6 21. Qf2 b5
22. Bxh6 Kxh6 23. Nb1 Rxd1 24. Rxd1 Rd8 25. Rxd8 Qxd8 26. Qd2+ Qxd2 27. Nxd2 g5
28. Nb3 g4 29. Na5 Ba8 30. c6 Ne8 31. a4 Nd6 32. axb5 axb5 33. fxg4 hxg4 34.
Bd3 g3 35. hxg3 Kh5 36. Kf2 Kg5 37. Kf3 Kh5 38. g4+ Kh4 39. b3 Kg5 40. Kg3 b4
41. Kf3 Nc8 42. Ba6 Nb6 43. Kg3 1-0

[Event "4NCL/Div1/SLO-BAR2"]
[Site "Rd03-Birmingham"]
[Date "2000.11.25"]
[Round "3.2"]
[White "Hanley, Craig"]
[Black "Ftacnik, Lubomir"]
[Result "1/2-1/2"]
[WhiteElo "2283"]
[BlackElo "2608"]
[PlyCount "72"]
[EventDate "2000.11.25"]

1. c4 c5 2. Nc3 Nf6 3. g3 e6 4. Bg2 d5 5. cxd5 exd5 6. d4 cxd4 7. Qxd4 Nc6 8.
Qa4 Bc5 9. Bg5 h6 10. Bxf6 Qxf6 11. Nf3 Be6 12. Qb5 Qe7 13. Ne5 O-O 14. Nxc6
bxc6 15. Qxc6 Rac8 16. Qa4 d4 17. Nd5 Bxd5 18. Bxd5 d3 19. Qe4 d2+ 20. Kf1 Qf6
21. Qf4 Qxb2 22. Rd1 Bb4 23. Kg2 a5 24. Rb1 Qc2 25. Rhd1 Rc5 26. e4 Kh8 27. g4
Qd3 28. Rxb4 axb4 29. Rxd2 Qc3 30. g5 Rb5 31. gxh6 Rb6 32. hxg7+ Qxg7+ 33. Kf1
Rg6 34. Rd3 Rg1+ 35. Ke2 Qb2+ 36. Qd2 Qxd2+ 1/2-1/2

[Event "4NCL/Div1/SLO-BAR2"]
[Site "Rd03-Birmingham"]
[Date "2000.11.25"]
[Round "3.3"]
[White "Summerscale, Aaron"]
[Black "Palliser, Richard"]
[Result "1-0"]
[WhiteElo "2513"]
[BlackElo "2277"]
[PlyCount "61"]
[EventDate "2000.11.25"]

1. Nf3 Nf6 2. c4 c5 3. Nc3 d5 4. cxd5 Nxd5 5. g3 Nc6 6. Bg2 g6 7. Qa4 Bg7 8.
Ng5 e6 9. Nge4 O-O 10. Nxc5 Qb6 11. N5e4 f5 12. Nxd5 exd5 13. Nc3 d4 14. Nd5
Qd8 15. Nf4 Qe8 16. h4 h5 17. d3 Kh7 18. O-O Bd7 19. Qb3 Rb8 20. Bd2 Rf7 21.
Rac1 Bh6 22. Rc2 Re7 23. Nd5 Rf7 24. Bf4 Bxf4 25. Nxf4 Re7 26. Rfc1 Re5 27. Qa3
Qe7 28. Rc5 Rxc5 29. Qxc5 Qf6 30. Bxc6 Bxc6 31. Qxa7 1-0

[Event "4NCL/Div1/SLO-BAR2"]
[Site "Rd03-Birmingham"]
[Date "2000.11.25"]
[Round "3.4"]
[White "Duncan, Chris"]
[Black "Wells, Peter"]
[Result "0-1"]
[WhiteElo "2310"]
[BlackElo "2504"]
[PlyCount "66"]
[EventDate "2000.11.25"]

1. c4 e6 2. Nc3 d5 3. d4 c6 4. Nf3 Nf6 5. Bg5 h6 6. Bh4 dxc4 7. e4 g5 8. Bg3 b5
9. Qc2 Bb7 10. Be2 Nbd7 11. h4 g4 12. Ne5 Nh5 13. Bh2 Qxh4 14. Nxd7 g3 15. Bxh5
Kxd7 16. Bxf7 gxh2 17. d5 exd5 18. exd5 Qf4 19. Be6+ Kc7 20. Rd1 Bb4 21. Kf1
Rad8 22. dxc6 Bxc6 23. Nd5+ Bxd5 24. Bxd5 Qe5 25. Bf3 Rxd1+ 26. Qxd1 Qxb2 27.
g3 Rd8 28. Qe2 Qxe2+ 29. Kxe2 Rd2+ 30. Ke3 c3 31. Rxh2 Bc5+ 32. Ke4 c2 33. Rh1
Ba3 0-1